Statistics for Cheaper by the Dozen, Baker Family

Click here to take the quiz!

General Stats

  • This quiz has been taken 62 times
  • The average score is 10 of 14

Answer Stats

HintAnswer% Correct
Oldest daughterNora
89%
Oldest sonCharlie
87%
3rd daughterSarah
87%
FatherTom
83%
4th sonMark
80%
2nd daughterLorraine
76%
5th sonMike
72%
MotherKate
70%
Twin sonKyle
70%
2nd sonHenry
65%
Twin daughterKim
63%
3rd sonJake
61%
Twin sonNigel
61%
Twin daughterJessica
59%

Score Distribution

Percentile by Number Answered

Percent of People with Each Score

Your Score History

You have not taken this quiz